Normal view
MARC view
- Saadat Hassan Manto - سعادت حسن منٹو
Entry Personal Name
001 - CONTROL NUMBER
- control field: 28456
003 - CONTROL NUMBER IDENTIFIER
- control field: NUST
005 - DATE AND TIME OF LATEST TRANSACTION
- control field: 20200213103429.0
008 - FIXED-LENGTH DATA ELEMENTS
- fixed length control field: 200213|| aca||aabn | a|a d
040 ## - CATALOGING SOURCE
- Original cataloging agency: NUST
- Transcribing agency: NUST
100 ## - HEADING--PERSONAL NAME
- Personal name: Saadat Hassan Manto - سعادت حسن منٹو
- Dates associated with a name:
670 ## - SOURCE DATA FOUND
- Source citation: Work cat.: (NUST): Saadat Hassan Manto - سعادت حسن منٹو , Lazat -e- Sang / لذت سنگ, c2008
